| 000 | 00577nam a22002057a 4500 | ||
|---|---|---|---|
| 003 | OSt | ||
| 005 | 20140710185641.0 | ||
| 008 | 140710b xxu||||| |||| 00| 0 eng d | ||
| 020 | _a0721686346 | ||
| 040 | _cDNLM | ||
| 082 |
_aQY90 T564c 2005 _bT |
||
| 245 | _aTietz Fundamentals of clinical chemistry | ||
| 250 | _a5th ed. | ||
| 260 |
_aPhiladelphia: _bSaunders, _c2005 |
||
| 300 |
_axxv,1090p; _bcol.ill _c28cm |
||
| 504 | _aReferences,index included. | ||
| 650 |
_aClinical chemistry _9428 |
||
| 700 |
_aEdited by Burtis Carl A., Ashwood Edward R. _9456 |
||
| 942 |
_2z _cO_SHELF |
||
| 999 |
_c174 _d174 |
||